000 00443nam a2200193Ia 4500
005 20240823044220.0
008 240823s9999||||xx |||||||||||||| ||und||
020 _a033391-433-3
041 _aENGLISH
082 _A823.8 M8
100 _aCharles Dickens
245 0 _aOliver Twist
250 _a1st
260 _c1988
_bMacmillan India Li
500 _aTRANSFERED
650 _aOliver Twist
_bGeneral
942 _cBK
999 _c212039
_d212039